000 00610nam a2200229Ia 4500
005 20260115173906.0
008 008 260114s9999 xx 000 0 eng d
020 _a9780511558092
037 _aEBOOK
040 _aCRL
_beng
_cCRL
041 _aeng
_2eng
084 _qCRL
100 _aMorgan
_9893160
245 0 _aCommunity Participation in Health
260 _bCambridge University Press
260 _bCambridge University Press
260 _c1993
650 _aAnthropology
_9893161
856 _uhttps://doi.org/10.1017/CBO9780511558092
942 _cEBOOK
999 _c1488283
_d1488283